[Event "CMA Futurity ABCD"]
[Site "Montreal CAN"]
[Date "2017.04.16"]
[Round "4"]
[White "Turgeon, Yoakim"]
[Black "Charette, Nicolas"]
[Result "1-0"]
[WhiteElo "1822"]
[BlackElo "1639"]
[WhiteFideId "-1"]
[WhiteFideId "-1"]
[PlyCount "45"]
[GameId "2160767908412063"]
[EventDate "2017.04.14"]
[EventType "swiss"]
[EventRounds "5"]
[EventCountry "CAN"]
[SourceTitle "EXT 2022"]
[Source "ChessBase"]
[SourceDate "2021.10.06"]
[SourceVersion "1"]
[SourceVersionDate "2021.10.06"]
[SourceQuality "1"]

1. d4 c5 2. e3 cxd4 3. exd4 Nf6 4. f4 e6 5. Bd3 d5 6. Nf3 Nc6 7. c3 b6 8. O-O Bd6 9. Ne5 Qc7 10. Bb5 Bb7 11. Qa4 Rc8 12. Bd3 a6 13. Nd2 b5 14. Qd1 b4 15. Ndf3 h6 16. Qe2 Qb6 17. Kh1 Ne4 18. Bxe4 dxe4 19. Nd2 f5 20. Qh5+ Kd8 21. Ndc4 Qb5 22. Nf7+ Kc7 23. Nfxd6 1-0

[Event "CMA Futurity ABCD"]
[Site "Montreal CAN"]
[Date "2017.04.16"]
[Round "4"]
[White "Zhong, Kevin"]
[Black "Baran, Marius"]
[Result "1/2-1/2"]
[WhiteElo "1575"]
[BlackElo "1759"]
[WhiteFideId "-1"]
[WhiteFideId "-1"]
[PlyCount "57"]
[GameId "2160767908412064"]
[EventDate "2017.04.14"]
[EventType "swiss"]
[EventRounds "5"]
[EventCountry "CAN"]
[SourceTitle "EXT 2022"]
[Source "ChessBase"]
[SourceDate "2021.10.06"]
[SourceVersion "1"]
[SourceVersionDate "2021.10.06"]
[SourceQuality "1"]

1. e4 c5 2. Ne2 e6 3. d4 cxd4 4. Nxd4 Nf6 5. Bd3 Nc6 6. Nxc6 dxc6 7. O-O Qc7 8. Be3 Bd6 9. f4 e5 10. f5 h5 11. h3 Qa5 12. Nd2 Bc5 13. Qf3 Bxe3+ 14. Qxe3 Qb6 15. Qxb6 axb6 16. Nc4 Nd7 17. a4 f6 18. Kf2 Kd8 19. Ke3 Kc7 20. b4 Nf8 21. a5 bxa5 22. Nxa5 Bd7 23. Nb3 Nh7 24. Rxa8 Rxa8 25. Ra1 Rxa1 26. Nxa1 Be8 27. Nb3 b6 28. c4 Bf7 29. Nd2 1/2-1/2

[Event "CMA Futurity ABCD"]
[Site "Montreal CAN"]
[Date "2017.04.16"]
[Round "5"]
[White "Charette, Nicolas"]
[Black "Morin-Pare, Victor"]
[Result "1/2-1/2"]
[WhiteElo "1639"]
[BlackElo "1656"]
[WhiteFideId "-1"]
[WhiteFideId "-1"]
[PlyCount "94"]
[GameId "2160767908412065"]
[EventDate "2017.04.14"]
[EventType "swiss"]
[EventRounds "5"]
[EventCountry "CAN"]
[SourceTitle "EXT 2022"]
[Source "ChessBase"]
[SourceDate "2021.10.06"]
[SourceVersion "1"]
[SourceVersionDate "2021.10.06"]
[SourceQuality "1"]

1. e4 d6 2. d4 Nf6 3. Nc3 g6 4. f4 Bg7 5. Nf3 c5 6. d5 O-O 7. Bc4 Bg4 8. O-O a6 9. a4 Nbd7 10. a5 Qc7 11. h3 Bxf3 12. Qxf3 Rae8 13. g4 e6 14. Re1 exd5 15. Bxd5 Nb8 16. g5 Nfd7 17. Bd2 Nc6 18. Bxc6 bxc6 19. f5 Bd4+ 20. Kh1 Ne5 21. Qg3 c4 22. f6 Rb8 23. Qh4 Kh8 24. Reb1 Nf3 25. Qf4 Nxd2 26. Qxd2 Bc5 27. Qe2 Qd7 28. Qf3 Rfe8 29. Na4 Ba7 30. Nb6 Bxb6 31. axb6 Rxb6 32. Rg1 Qe6 33. Rg4 Qe5 34. Qf2 Qxb2 35. Rag1 Qc3 36. Qh4 Qf3+ 37. R1g2 Rb1+ 38. Kh2 h5 39. gxh6 Re5 40. h7 Rh5 41. Qxh5 Qf1 42. Qh6 Qh1+ 43. Kg3 Qe1+ 44. Rf2 Qg1+ 45. Rg2 Qe1+ 46. Rf2 Qg1+ 47. Kf3 Qd1+ 1/2-1/2

[Event "CMA Futurity ABCD"]
[Site "Montreal CAN"]
[Date "2017.04.16"]
[Round "5"]
[White "Desmarais, Serge"]
[Black "Barko, Maxim"]
[Result "0-1"]
[WhiteElo "1680"]
[BlackElo "1860"]
[WhiteFideId "-1"]
[WhiteFideId "-1"]
[PlyCount "138"]
[GameId "2160767908412066"]
[EventDate "2017.04.14"]
[EventType "swiss"]
[EventRounds "5"]
[EventCountry "CAN"]
[SourceTitle "EXT 2022"]
[Source "ChessBase"]
[SourceDate "2021.10.06"]
[SourceVersion "1"]
[SourceVersionDate "2021.10.06"]
[SourceQuality "1"]

1. b3 d5 2. Bb2 Nc6 3. Nf3 Bg4 4. d4 e6 5. e3 Bd6 6. h3 Bh5 7. Ba3 Nf6 8. c3 Ne4 9. Bxd6 Qxd6 10. Be2 O-O 11. O-O f5 12. Qc2 Rf6 13. Nbd2 Raf8 14. Nxe4 fxe4 15. Nh2 Bg6 16. Ng4 Rf5 17. a4 h5 18. Nh2 e5 19. Qd2 Rg5 20. dxe5 Nxe5 21. f4 exf3 22. Nxf3 Nxf3+ 23. Bxf3 Qe6 24. e4 Qb6+ 25. Kh1 Re5 26. Qd4 Qxd4 27. cxd4 Re6 28. e5 c6 29. Rac1 Rf4 30. Rfd1 a5 31. Rc3 h4 32. Bg4 Re8 33. Kg1 Ref8 34. Bf3 Bf5 35. Kf2 Be4 36. Ke2 R8f5 37. Rf1 Kf8 38. Ke3 g5 39. Kf2 Rf7 40. Rd1 Ke7 41. Re3 Ke6 42. Ke2 Bc2 43. Rd2 Bf5 44. Bh5 Rf8 45. Bf3 g4 46. hxg4 Bxg4 47. Bxg4+ Rxg4 48. Kd3 Rfg8 49. Ree2 Rg3+ 50. Kc2 b5 51. Rf2 R8g6 52. Kb2 Kd7 53. Rf7+ Ke6 54. Rff2 b4 55. Rc2 Ke7 56. Kb1 Rd3 57. Rfd2 Rxb3+ 58. Rb2 Ra3 59. Ra2 Rgg3 60. Kc1 Rxa2 61. Rxa2 Rd3 62. Rc2 Rxd4 63. Rxc6 Re4 64. Ra6 Rxe5 65. Rxa5 Rg5 66. Ra7+ Kd6 67. Rh7 Rxg2 68. Rxh4 Kc5 69. a5 Ra2 0-1

[Event "CMA Futurity ABCD"]
[Site "Montreal CAN"]
[Date "2017.04.16"]
[Round "5"]
[White "Forget, Luc"]
[Black "Broday, Gabriel Renan"]
[Result "0-1"]
[WhiteElo "1968"]
[BlackElo "2074"]
[WhiteFideId "-1"]
[WhiteFideId "-1"]
[PlyCount "92"]
[GameId "2160767908412068"]
[EventDate "2017.04.14"]
[EventType "swiss"]
[EventRounds "5"]
[EventCountry "CAN"]
[SourceTitle "EXT 2022"]
[Source "ChessBase"]
[SourceDate "2021.10.06"]
[SourceVersion "1"]
[SourceVersionDate "2021.10.06"]
[SourceQuality "1"]

1. d4 d5 2. c4 c6 3. Nf3 Nf6 4. g3 e6 5. Bg2 Nbd7 6. O-O b6 7. Qc2 Bb7 8. Bg5 Be7 9. Nbd2 Rc8 10. Rad1 c5 11. a3 dxc4 12. Qxc4 O-O 13. Rfe1 h6 14. Bxf6 Nxf6 15. e4 cxd4 16. Qxd4 Qxd4 17. Nxd4 Rfd8 18. N2b3 e5 19. Nf5 Bf8 20. f3 a5 21. Bf1 a4 22. Na1 Bc5+ 23. Kg2 Rxd1 24. Rxd1 Nxe4 25. Bb5 Ng5 26. Nh4 Bd4 27. Bxa4 Bxb2 28. Nc2 Rc3 29. Ne1 Rxa3 30. Rd8+ Kh7 31. Bc2+ e4 32. f4 Ne6 33. Rd7 Ba8 34. Rxf7 Nd4 35. f5 Nxc2 36. Nxc2 Ra4 37. Ne3 Kg8 38. Rc7 Kf8 39. Ng6+ Ke8 40. Nc4 Bd4 41. Nd6+ Kd8 42. Re7 e3+ 43. Kh3 Bf3 44. Nf7+ Kc8 45. Nf8 Bg4+ 46. Kg2 Ra2+ 0-1

[Event "CMA Futurity ABCD"]
[Site "Montreal CAN"]
[Date "2017.04.16"]
[Round "5"]
[White "Gauthier, Luc"]
[Black "Blanchette, Rene"]
[Result "0-1"]
[WhiteElo "1576"]
[BlackElo "1712"]
[WhiteFideId "-1"]
[WhiteFideId "-1"]
[PlyCount "88"]
[GameId "2160767908412069"]
[EventDate "2017.04.14"]
[EventType "swiss"]
[EventRounds "5"]
[EventCountry "CAN"]
[SourceTitle "EXT 2022"]
[Source "ChessBase"]
[SourceDate "2021.10.06"]
[SourceVersion "1"]
[SourceVersionDate "2021.10.06"]
[SourceQuality "1"]

1. e4 Nf6 2. e5 Nd5 3. Nc3 Nxc3 4. dxc3 d6 5. Nf3 g6 6. Bf4 Bg7 7. Qd2 Nc6 8. Bb5 O-O 9. Bxc6 bxc6 10. O-O-O Bg4 11. Bh6 Bxf3 12. gxf3 Qd7 13. Bxg7 Kxg7 14. h4 h5 15. exd6 cxd6 16. Qd4+ Kh7 17. Qf4 Qf5 18. Qxf5 gxf5 19. Rhg1 f6 20. f4 Rg8 21. Rde1 Rae8 22. f3 Rg7 23. Rxg7+ Kxg7 24. Kd2 Kf7 25. Rg1 Rg8 26. Rxg8 Kxg8 27. b4 e5 28. Kd3 d5 29. c4 e4+ 30. fxe4 fxe4+ 31. Kd4 f5 32. cxd5 cxd5 33. a4 Kf7 34. c4 dxc4 35. Kxc4 Ke6 36. a5 Kd6 37. b5 Kc7 38. Kd4 Kd6 39. Kc4 e3 40. Kd3 Kc5 41. b6 axb6 42. a6 Kc6 43. Kxe3 b5 44. Kd4 Kb6 0-1

[Event "CMA Futurity ABCD"]
[Site "Montreal CAN"]
[Date "2017.04.16"]
[Round "5"]
[White "Guipi Bopala, Prince Eric jr"]
[Black "Turgeon, Yoakim"]
[Result "1-0"]
[WhiteElo "1588"]
[BlackElo "1822"]
[WhiteFideId "-1"]
[WhiteFideId "-1"]
[PlyCount "44"]
[GameId "2160767739054364"]
[EventDate "2017.04.14"]
[EventType "swiss"]
[EventRounds "5"]
[EventCountry "CAN"]
[SourceTitle "EXT 2022"]
[Source "ChessBase"]
[SourceDate "2021.10.06"]
[SourceVersion "1"]
[SourceVersionDate "2021.10.06"]
[SourceQuality "1"]

1. d4 d5 2. Bf4 e6 3. e3 Bd6 4. Bg3 f5 5. Be2 Nf6 6. Bh5+ g6 7. Be2 Ne4 8. Nd2 O-O 9. Ngf3 Nd7 10. c4 Ndf6 11. Nxe4 fxe4 12. Ne5 Bb4+ 13. Kf1 Bd6 14. h4 Nd7 15. cxd5 exd5 16. Qb3 Nf6 17. Bf4 c6 18. h5 Bxe5 19. Bxe5 Nxh5 20. Bxh5 gxh5 21. Rxh5 Bg4 22. Qxb7 Rf7 {...} 1-0

[Event "CMA Futurity ABCD"]
[Site "Montreal CAN"]
[Date "2017.04.16"]
[Round "5"]
[White "Kay, Sang Kill"]
[Black "Goler, Isil"]
[Result "1-0"]
[WhiteElo "1623"]
[BlackElo "1818"]
[WhiteFideId "-1"]
[WhiteFideId "-1"]
[PlyCount "127"]
[GameId "2160767908412070"]
[EventDate "2017.04.14"]
[EventType "swiss"]
[EventRounds "5"]
[EventCountry "CAN"]
[SourceTitle "EXT 2022"]
[Source "ChessBase"]
[SourceDate "2021.10.06"]
[SourceVersion "1"]
[SourceVersionDate "2021.10.06"]
[SourceQuality "1"]

1. e4 c6 2. d4 d5 3. Nc3 dxe4 4. Nxe4 Bf5 5. Ng3 Bg6 6. Nf3 Nd7 7. h4 h6 8. Bd3 Bxd3 9. Qxd3 Qc7 10. Bd2 e6 11. O-O-O Ngf6 12. Rhe1 O-O-O 13. Ne2 Bd6 14. Nc3 Kb8 15. Kb1 Nd5 16. Ne4 Bf4 17. c4 Bxd2 18. Nfxd2 N5f6 19. c5 Ne8 20. b4 Ndf6 21. Nc3 Nd5 22. Nxd5 Rxd5 23. Nc4 Qf4 24. Re4 Qxf2 25. Rf1 Qxg2 26. Rxf7 Qg6 27. Re7 Nc7 28. Ne5 Qg1+ 29. Kb2 Kc8 30. Rg4 Qh2+ 31. Qc2 Qh3 32. Rexg7 Nb5 33. Rg8+ Rd8 34. Rxh8 Qa3+ 35. Ka1 Rxh8 36. Qc4 Nc7 37. Ng6 Re8 38. Rf4 Qg3 39. h5 Qg1+ 40. Qf1 Qe3 41. Kb2 Qd2+ 42. Kb3 Nd5 43. a3 Qe3+ 44. Ka2 Qd2+ 45. Kb3 Qc3+ 46. Ka2 Qd2+ 47. Ka1 Nxf4 48. Qxf4 Qxf4 49. Nxf4 Kd7 50. Ng6 Rg8 51. Kb2 Ke8 52. Kc3 Kf7 53. Kd3 Rxg6 54. hxg6+ Kxg6 55. Ke4 Kf6 56. Kf4 h5 57. a4 h4 58. b5 h3 59. Kg3 h2 60. Kxh2 Kf5 61. a5 Ke4 62. a6 bxa6 63. bxc6 Kxd4 64. c7 1-0

[Event "CMA Futurity ABCD"]
[Site "Montreal CAN"]
[Date "2017.04.16"]
[Round "5"]
[White "Masse, Hugues"]
[Black "Lopez Linares, Lizandro"]
[Result "0-1"]
[WhiteElo "2157"]
[BlackElo "2114"]
[WhiteFideId "-1"]
[WhiteFideId "-1"]
[PlyCount "88"]
[GameId "2160767908412071"]
[EventDate "2017.04.14"]
[EventType "swiss"]
[EventRounds "5"]
[EventCountry "CAN"]
[SourceTitle "EXT 2022"]
[Source "ChessBase"]
[SourceDate "2021.10.06"]
[SourceVersion "1"]
[SourceVersionDate "2021.10.06"]
[SourceQuality "1"]

1. d4 d5 2. c4 c6 3. Nf3 Nf6 4. e3 a6 5. Bd3 b5 6. b3 Bg4 7. Nbd2 Nbd7 8. Qc2 e6 9. Bb2 Bxf3 10. Nxf3 Qa5+ 11. Ke2 Ba3 12. Bc3 Bb4 13. Bxb4 Qxb4 14. c5 O-O 15. Ne5 Nxe5 16. a3 Qa5 17. dxe5 Nd7 18. b4 Qd8 19. Bxh7+ Kh8 20. f4 Qh4 21. Bd3 f6 22. exf6 Nxf6 23. g3 Qh3 24. Kd2 d4 25. exd4 a5 26. Kc3 Nd5+ 27. Kb3 g5 28. fxg5 Rf3 29. Qe2 Re3 30. Qd2 Qg4 31. Rhe1 Qxd4 32. Rxe3 a4+ 33. Kc2 Nxe3+ 34. Kb1 Rd8 35. Ra2 Qxd3+ 36. Qxd3 Rxd3 37. Rf2 Rxa3 38. h4 Nf5 39. g4 Nd4 40. Rf4 Rb3+ 41. Ka2 Ne2 42. Rf1 Nc3+ 43. Ka1 a3 44. Rc1 a2 0-1

[Event "CMA Futurity ABCD"]
[Site "Montreal CAN"]
[Date "2017.04.16"]
[Round "5"]
[White "Morin, Maxime"]
[Black "Baran, Marius"]
[Result "1/2-1/2"]
[WhiteElo "1737"]
[BlackElo "1759"]
[WhiteFideId "-1"]
[WhiteFideId "-1"]
[PlyCount "113"]
[GameId "2160767908412072"]
[EventDate "2017.04.14"]
[EventType "swiss"]
[EventRounds "5"]
[EventCountry "CAN"]
[SourceTitle "EXT 2022"]
[Source "ChessBase"]
[SourceDate "2021.10.06"]
[SourceVersion "1"]
[SourceVersionDate "2021.10.06"]
[SourceQuality "1"]

1. e4 c5 2. Nf3 d6 3. Bb5+ Bd7 4. Bxd7+ Qxd7 5. O-O Nf6 6. Re1 Nc6 7. c3 e5 8. d4 Rd8 9. d5 Ne7 10. c4 Ng6 11. Nc3 Be7 12. h3 O-O 13. Be3 a6 14. a3 b5 15. Nd2 Ra8 16. b4 Rfb8 17. Rb1 Ne8 18. Qc2 Nc7 19. Rb2 Rb7 20. Reb1 Rab8 21. Rb3 h6 22. R1b2 Bg5 23. bxc5 dxc5 24. Bxc5 Ne8 25. cxb5 axb5 26. Nf3 Bf4 27. a4 bxa4 28. Rxb7 Rxb7 29. Rxb7 Qxb7 30. Qxa4 Nf6 31. Qb5 Qxb5 32. Nxb5 Nxe4 33. Bb4 Nf6 34. d6 Nd7 35. g3 Bc1 36. Bc3 f6 37. Ne1 e4 38. Nc2 Nge5 39. Kf1 Nc4 40. Ke2 Kf7 41. Ne3 Bxe3 42. fxe3 f5 43. Bd4 g6 44. Bc3 Ke6 45. Bb4 Nde5 46. Nd4+ Kd7 47. Nb5 Nf7 48. Bc3 Ncxd6 49. Nxd6 Kxd6 50. Bg7 Ke6 51. Bf8 g5 52. Kf2 h5 53. Bc5 Ne5 54. Bb6 Nf3 55. Bc7 Ne5 56. Bb6 Nd3+ 57. Ke2 1/2-1/2

[Event "CMA Futurity ABCD"]
[Site "Montreal CAN"]
[Date "2017.04.16"]
[Round "5"]
[White "Nesterov, Timour"]
[Black "Zhong, Kevin"]
[Result "1-0"]
[WhiteElo "1858"]
[BlackElo "1575"]
[WhiteFideId "-1"]
[WhiteFideId "-1"]
[PlyCount "72"]
[GameId "2160767739054365"]
[EventDate "2017.04.14"]
[EventType "swiss"]
[EventRounds "5"]
[EventCountry "CAN"]
[SourceTitle "EXT 2022"]
[Source "ChessBase"]
[SourceDate "2021.10.06"]
[SourceVersion "1"]
[SourceVersionDate "2021.10.06"]
[SourceQuality "1"]

1. d4 d5 2. Bf4 c5 3. e3 cxd4 4. exd4 Nc6 5. Nf3 Bf5 6. c3 e6 7. Bd3 Bg6 8. O-O Bd6 9. Ne5 Nge7 10. Nxg6 hxg6 11. Qg4 Qc7 12. Bxd6 Qxd6 13. h3 O-O 14. Nd2 f5 15. Qe2 e5 16. dxe5 Nxe5 17. Rfe1 N7c6 18. Bb5 Rae8 19. Bxc6 Qxc6 20. Nf3 Nc4 21. Qc2 Qf6 22. Rxe8 Rxe8 23. Qa4 Qc6 24. Qxa7 Nxb2 25. Nd4 Qc7 26. Nb5 Qc6 27. Qa5 Kh8 28. a4 Qc5 29. c4 Nxc4 30. Qc3 Re7 31. Qg3 Ne5 32. Rd1 Kg8 33. Qh4 Re8 34. Rxd5 Qc8 35. Qd4 Qc1+ 36. Kh2 Nc6 {...} 1-0

[Event "CMA Futurity ABCD"]
[Site "Montreal CAN"]
[Date "2017.04.16"]
[Round "5"]
[White "Ouellet, Maili-Jade"]
[Black "Abbas, Talal"]
[Result "1/2-1/2"]
[WhiteElo "1986"]
[BlackElo "1945"]
[WhiteFideId "-1"]
[WhiteFideId "-1"]
[PlyCount "98"]
[GameId "2160767908412073"]
[EventDate "2017.04.14"]
[EventType "swiss"]
[EventRounds "5"]
[EventCountry "CAN"]
[SourceTitle "EXT 2022"]
[Source "ChessBase"]
[SourceDate "2021.10.06"]
[SourceVersion "1"]
[SourceVersionDate "2021.10.06"]
[SourceQuality "1"]

1. d4 e6 2. c4 f5 3. Nf3 Nf6 4. Nc3 Bb4 5. Bd2 O-O 6. e3 b6 7. Bd3 Bb7 8. Qc2 d6 9. b3 Nbd7 10. a3 Bxc3 11. Bxc3 Ne4 12. Bb2 Ndf6 13. h3 Qe8 14. Rg1 Qh5 15. Be2 Qf7 16. g4 fxg4 17. hxg4 Nxf2 18. Kxf2 Bxf3 19. Raf1 Bxg4 20. Ke1 Bxe2 21. Qxe2 Qe7 22. Rf4 d5 23. Rh4 Rae8 24. Qh2 Qf7 25. Bc3 Rc8 26. Bb4 Rfe8 27. Ke2 a5 28. Be1 c5 29. dxc5 Rxc5 30. Bc3 dxc4 31. bxc4 e5 32. Qg3 g6 33. Rf1 Kg7 34. Qg5 Re6 35. Rf5 Qe7 36. Rf1 Ng8 37. Qg3 Rf6 38. Rfh1 h6 39. Re4 Rf5 40. Bd4 Nf6 41. Rg1 Rg5 42. Bxc5 Nxe4 43. Bxe7 Nxg3+ 44. Kf3 e4+ 45. Kf2 Rf5+ 46. Kxg3 Rf3+ 47. Kg2 Rxe3 48. Rf1 g5 49. a4 Rb3 1/2-1/2

[Event "CMA Futurity ABCD"]
[Site "Montreal CAN"]
[Date "2017.04.16"]
[Round "5"]
[White "Tsanaclis, Albert"]
[Black "O'Connor, Michael"]
[Result "1/2-1/2"]
[WhiteElo "1662"]
[BlackElo "1713"]
[WhiteFideId "-1"]
[WhiteFideId "-1"]
[PlyCount "94"]
[GameId "2160767908412075"]
[EventDate "2017.04.14"]
[EventType "swiss"]
[EventRounds "5"]
[EventCountry "CAN"]
[SourceTitle "EXT 2022"]
[Source "ChessBase"]
[SourceDate "2021.10.06"]
[SourceVersion "1"]
[SourceVersionDate "2021.10.06"]
[SourceQuality "1"]

1. e4 c5 2. Nf3 Nc6 3. d4 cxd4 4. Nxd4 Nf6 5. Nc3 e5 6. Ndb5 d6 7. Bg5 a6 8. Na3 b5 9. Bxf6 gxf6 10. Nd5 Bg7 11. Bd3 O-O 12. c3 Be6 13. Qf3 Rb8 14. Nc2 Bxd5 15. exd5 Ne7 16. Ne3 Ng6 17. Qh5 Re8 18. Be4 b4 19. c4 b3 20. O-O a5 21. a4 Rb4 22. g3 Qb6 23. Rfd1 Rc8 24. Qe2 Rc5 25. Ra3 Bh6 26. Nf5 Bg7 27. Rc1 Qc7 28. Ne3 Bh6 29. Rc3 Bxe3 30. Qxe3 Rcxc4 31. Raxb3 Rxb3 32. Rxb3 Rxa4 33. Kg2 Rd4 34. Qf3 Kg7 35. h4 Qc4 36. Rc3 Qb4 37. Rb3 Qe1 38. Re3 Qc1 39. h5 Rd1 40. hxg6 Rg1+ 41. Kh2 hxg6 42. Rc3 Qe1 43. Rc7 f5 44. Bd3 e4 45. Bxe4 Rh1+ 46. Kg2 Rg1+ 47. Kh2 Rf1 1/2-1/2

[Event "CMA Futurity ABCD"]
[Site "Montreal CAN"]
[Date "2017.04.16"]
[Round "5"]
[White "Turcotte, Jonathan"]
[Black "Robichaud, Louis"]
[Result "0-1"]
[WhiteElo "1970"]
[BlackElo "2039"]
[WhiteFideId "-1"]
[WhiteFideId "-1"]
[PlyCount "110"]
[GameId "2160767908412076"]
[EventDate "2017.04.14"]
[EventType "swiss"]
[EventRounds "5"]
[EventCountry "CAN"]
[SourceTitle "EXT 2022"]
[Source "ChessBase"]
[SourceDate "2021.10.06"]
[SourceVersion "1"]
[SourceVersionDate "2021.10.06"]
[SourceQuality "1"]

1. d4 Nf6 2. c4 g6 3. Nc3 Bg7 4. e4 d6 5. Be2 O-O 6. Nf3 e5 7. O-O Nc6 8. d5 Ne7 9. b4 Nd7 10. a4 f5 11. Ng5 Nf6 12. f3 Nh5 13. c5 Nf4 14. Bc4 fxe4 15. Ngxe4 Nf5 16. Re1 Nd4 17. Kh1 Rf5 18. cxd6 cxd6 19. Bf1 Rf7 20. Ba3 Bf8 21. b5 g5 22. Nf2 h5 23. g3 Ng6 24. Bg2 g4 25. f4 Bg7 26. Nfe4 exf4 27. Nxd6 Rf8 28. Nxc8 Rxc8 29. Bxf8 Nxf8 30. Rc1 f3 31. Bf1 f2 32. Re4 Nf5 33. Qd3 Nd6 34. Re2 Qg5 35. Rcc2 Rxc3 36. Rxc3 Bxc3 37. Rxf2 Be5 38. Re2 Ng6 39. Re1 h4 40. Qe3 Qxe3 41. Rxe3 hxg3 42. Bd3 Bf4 43. Re6 Nf8 44. Rf6 Be5 45. Rh6 gxh2 46. Rh5 Nd7 47. Rg5+ Kf7 48. Rxg4 Nf6 49. Rg5 Bf4 50. Rg2 Nxd5 51. Rf2 Ke6 52. Bc2 Ke5 53. Bb3 Ne4 54. Re2 Ne3 55. Rb2 Bg3 0-1

[Event "CMA Futurity ABCD"]
[Site "Montreal CAN"]
[Date "2017.04.16"]
[Round "5"]
[White "Yergeau, Simon"]
[Black "Tsukerman, Julia"]
[Result "1-0"]
[WhiteElo "1646"]
[BlackElo "1396"]
[WhiteFideId "-1"]
[WhiteFideId "-1"]
[PlyCount "83"]
[GameId "2160767908412077"]
[EventDate "2017.04.14"]
[EventType "swiss"]
[EventRounds "5"]
[EventCountry "CAN"]
[SourceTitle "EXT 2022"]
[Source "ChessBase"]
[SourceDate "2021.10.06"]
[SourceVersion "1"]
[SourceVersionDate "2021.10.06"]
[SourceQuality "1"]

1. d4 Nf6 2. c4 g6 3. Nc3 Bg7 4. e4 d6 5. Nf3 O-O 6. Be2 e5 7. O-O Nc6 8. d5 Ne7 9. b4 Nd7 10. Re1 f5 11. Ng5 Nf6 12. Bf3 h6 13. Ne6 Bxe6 14. dxe6 Qc8 15. Nd5 Nfxd5 16. cxd5 Rd8 17. Qb3 c6 18. dxc6 bxc6 19. exf5 gxf5 20. Bh5 d5 21. Bf7+ Kh7 22. Qh3 e4 23. Bg5 Qc7 24. Rac1 Rac8 25. Rc5 Rb8 26. a3 Rdc8 27. Rec1 Rb6 28. Bxe7 Qxe7 29. Qxf5+ Kh8 30. Rxd5 Rd8 31. Rxd8+ Qxd8 32. Qxe4 Bf6 33. g3 Qd6 34. Qg6 Bg7 35. Qe4 Bf6 36. Rc4 a6 37. Qc2 Qc7 38. Rg4 Bg7 39. Qg6 Qe5 40. e7 Rb8 41. e8=Q+ Rxe8 42. Bxe8 1-0

[Event "CMA Futurity ABCD"]
[Site "Montreal CAN"]
[Date "2017.04.16"]
[Round "5"]
[White "Zheng, Richard"]
[Black "Gauthier, Denis"]
[Result "1/2-1/2"]
[WhiteElo "1870"]
[BlackElo "1858"]
[WhiteFideId "-1"]
[WhiteFideId "-1"]
[PlyCount "72"]
[GameId "2160767908412078"]
[EventDate "2017.04.14"]
[EventType "swiss"]
[EventRounds "5"]
[EventCountry "CAN"]
[SourceTitle "EXT 2022"]
[Source "ChessBase"]
[SourceDate "2021.10.06"]
[SourceVersion "1"]
[SourceVersionDate "2021.10.06"]
[SourceQuality "1"]

1. d4 Nf6 2. e3 e6 3. Bd3 c5 4. c3 d5 5. Nd2 Nc6 6. f4 Be7 7. Ngf3 b6 8. O-O Bb7 9. Ne5 O-O 10. Ndf3 Ne4 11. Qc2 f5 12. g3 Rc8 13. Qg2 Bf6 14. Bd2 Qe7 15. Rad1 a6 16. Qe2 c4 17. Bc2 b5 18. Nxc6 Bxc6 19. a3 Kh8 20. Kh1 Rg8 21. Rg1 a5 22. Bxe4 dxe4 23. Ne5 Bxe5 24. fxe5 g5 25. Rdf1 Rcf8 26. h3 Qg7 27. Kh2 Qh6 28. g4 fxg4 29. Qxg4 Be8 30. Qxe4 g4 31. Rxg4 Rxf1 32. Rxg8+ Kxg8 33. Qg2+ Bg6 34. Qxf1 Be4 35. Qg1+ Kf7 36. Qf2+ Ke7 1/2-1/2

[Event "CMA Futurity ABCD"]
[Site "Montreal CAN"]
[Date "2017.02.10"]
[Round "1"]
[White "Durette, Francis"]
[Black "Huang, Qiuyu"]
[Result "1/2-1/2"]
[WhiteElo "1965"]
[BlackElo "1955"]
[WhiteFideId "-1"]
[WhiteFideId "-1"]
[PlyCount "46"]
[GameId "2160767908478631"]
[EventDate "2017.02.10"]
[EventType "swiss"]
[EventRounds "5"]
[EventCountry "CAN"]
[SourceTitle "EXT 2022"]
[Source "ChessBase"]
[SourceDate "2021.10.06"]
[SourceVersion "1"]
[SourceVersionDate "2021.10.06"]
[SourceQuality "1"]

1. e4 c5 2. Nf3 Nc6 3. d4 cxd4 4. Nxd4 e5 5. Nb5 a6 6. Nd6+ Bxd6 7. Qxd6 Qf6 8. Qd1 Qg6 9. Nc3 Nf6 10. f3 O-O 11. Be3 b5 12. Qd6 Ne8 13. Qxg6 hxg6 14. O-O-O d6 15. a4 b4 16. Nd5 Be6 17. Nb6 Ra7 18. Nd5 Ra8 19. Nb6 Rd8 20. Bxa6 Nc7 21. Bb7 Ne7 22. a5 Rfe8 23. a6 Nb5 1/2-1/2

[Event "CMA Futurity ABCD"]
[Site "Montreal CAN"]
[Date "2017.02.10"]
[Round "1"]
[White "Langlois-Remillard, Alexis"]
[Black "Gauthier, Denis"]
[Result "1-0"]
[WhiteElo "1867"]
[BlackElo "1864"]
[WhiteFideId "-1"]
[WhiteFideId "-1"]
[PlyCount "45"]
[GameId "2160767908478632"]
[EventDate "2017.02.10"]
[EventType "swiss"]
[EventRounds "5"]
[EventCountry "CAN"]
[SourceTitle "EXT 2022"]
[Source "ChessBase"]
[SourceDate "2021.10.06"]
[SourceVersion "1"]
[SourceVersionDate "2021.10.06"]
[SourceQuality "1"]

1. b3 e5 2. Bb2 Nc6 3. e3 d5 4. Bb5 Bd6 5. f4 Qe7 6. Nf3 f6 7. Bxc6+ bxc6 8. fxe5 fxe5 9. Nxe5 Qh4+ 10. g3 Qh3 11. Qf3 Nf6 12. Nxc6 O-O 13. Bxf6 Rxf6 14. Qxd5+ Kh8 15. Ne7 Bb7 16. Qxb7 Raf8 17. Nc3 Rf1+ 18. Ke2 Rxa1 19. Rxa1 Qxh2+ 20. Kd3 Bxe7 21. Qe4 Rd8+ 22. Kc4 Bf6 23. Rh1 1-0

[Event "CMA Futurity ABCD"]
[Site "Montreal CAN"]
[Date "2017.02.10"]
[Round "1"]
[White "Leger, Maxime"]
[Black "Villeneuve, Robert"]
[Result "0-1"]
[WhiteElo "1883"]
[BlackElo "1859"]
[WhiteFideId "-1"]
[WhiteFideId "-1"]
[PlyCount "78"]
[GameId "2160767908478633"]
[EventDate "2017.02.10"]
[EventType "swiss"]
[EventRounds "5"]
[EventCountry "CAN"]
[SourceTitle "EXT 2022"]
[Source "ChessBase"]
[SourceDate "2021.10.06"]
[SourceVersion "1"]
[SourceVersionDate "2021.10.06"]
[SourceQuality "1"]

1. e4 c5 2. Nf3 d6 3. d4 cxd4 4. Nxd4 Nf6 5. Nc3 g6 6. h3 Bg7 7. Be3 Nc6 8. Qd2 O-O 9. O-O-O Nxd4 10. Bxd4 Be6 11. Kb1 Qc7 12. g4 Rfc8 13. f3 Qa5 14. a3 Rab8 15. h4 b5 16. Nd5 Qxd2 17. Nxf6+ Bxf6 18. Rxd2 Bxd4 19. Rxd4 a5 20. a4 Bc4 21. Bxc4 Rxc4 22. Rxc4 bxc4 23. c3 Rc8 24. Rd1 Rc5 25. Kc2 Kg7 26. g5 f6 27. Rd5 Rxd5 28. exd5 h6 29. f4 hxg5 30. hxg5 Kf7 31. gxf6 exf6 32. Kd2 g5 33. Ke3 Kg6 34. Kf3 Kf5 35. fxg5 Kxg5 36. Ke4 Kg4 37. Kd4 f5 38. Kxc4 f4 39. Kd3 Kg3 0-1